000 00990nam a22002297a 4500
005 20250624125635.0
010 _aB-768454-486 BACEN25
020 _a9789364378901
_c665.00
035 _aB-768454-486
037 _bpragati
082 _a954
100 _aRajesh Rajan
_982291
245 _aArihant's Indian History Prelims possible:
_bIAS & state pcs 310+solved/
_cby Rajesh rajan,Anurag Srivastava& vipul Tripathi
260 _aNew Delhi
_bArihant Publications
_c2024
270 _aRamchhaya 4577/15, Agarwal Road,Darya Ganj,
_bNew Delhi
_e110002
300 _a726p.
_c28cm(pbk)
500 _achapterwise-topicwise-2024-1990
700 _aSrivastava,Anurag
_977774
700 _a Tripathi, vipul
_977775
942 _2ddc
_cEN
_h954
_mRAJ
999 _c209210
_d209210